|
|
|
|
| LEADER |
00000nta a2200000 i 4500 |
| 001 |
dolg12886 |
| 005 |
20180426110806.0 |
| 008 |
171129suuuu hu om 000 hun d |
| 040 |
|
|
|a BGE Dolgozattár Repozitórium
|b hun
|
| 041 |
|
|
|a hu
|
| 100 |
1 |
|
|a Vámos Anna Liza
|
| 245 |
1 |
2 |
|a A fenntarthatóság és környezettudatos szemléletmód integrálhatósága a Jamie’s Italian működésén keresztül bemutatva
|c Vámos Anna Liza
|h [elektronikus dokumentum]
|
| 246 |
1 |
1 |
|a A fenntarthatóság és környezettudatos szemléletmód integrálhatósága a Jamie’s Italian működésén keresztül bemutatva
|
| 246 |
1 |
1 |
|a A sustainable and enviromental conscious approach to integration in Jamie's Italian restaurant through its operations.
|
| 695 |
|
|
|a Fenntarthatóság
|
| 695 |
|
|
|a Környezettudatosság
|
| 700 |
1 |
|
|a Verebes Dr. Pál
|e ths
|
| 856 |
4 |
0 |
|u http://dolgozattar.uni-bge.hu/12886/1/vamos_anna_liza_szakdolgozat.pdf
|z Dokumentum-elérés
|